International marketing / (Record no. 2845)

000 -LEADER
fixed length control field 00764cam a22002534a 4500
001 - CONTROL NUMBER
control field 14939631
003 - CONTROL NUMBER IDENTIFIER
control field OSt
005 - DATE AND TIME OF LATEST TRANSACTION
control field 20160822094218.0
008 - FIXED-LENGTH DATA ELEMENTS--GENERAL INFORMATION
fixed length control field 070724s2008 ohua b 001 0 eng
010 ## - LIBRARY OF CONGRESS CONTROL NUMBER
LC control number 2007933659
020 ## - INTERNATIONAL STANDARD BOOK NUMBER
International Standard Book Number 1426627521 (softcover : alk. paper)
040 ## - CATALOGING SOURCE
Original cataloging agency DLC
Transcribing agency DLC
050 00 - LIBRARY OF CONGRESS CALL NUMBER
Classification number HF1416.L37 2008
100 1# - MAIN ENTRY--PERSONAL NAME
Personal name Lascu, Dana-Nicoleta.
245 10 - TITLE STATEMENT
Title International marketing /
Statement of responsibility, etc Dana-Nicoleta Lascu.
250 ## - EDITION STATEMENT
Edition statement 3rd ed.
260 ## - PUBLICATION, DISTRIBUTION, ETC. (IMPRINT)
Place of publication, distribution, etc Mason, OH :
Name of publisher, distributor, etc Cengage Learning,
Date of publication, distribution, etc c2008.
300 ## - PHYSICAL DESCRIPTION
Extent xxv, 518 p. :
Other physical details ill. ;
Dimensions 28 cm.
504 ## - BIBLIOGRAPHY, ETC. NOTE
Bibliography, etc Includes bibliographical references and index.
650 #0 - SUBJECT ADDED ENTRY--TOPICAL TERM
Topical term or geographic name as entry element Export marketing.
906 ## - LOCAL DATA ELEMENT F, LDF (RLIN)
a 7
b cbc
c orignew
d 3
e epcn
f 20
g y-gencatlg
942 ## - ADDED ENTRY ELEMENTS (KOHA)
Source of classification or shelving scheme
Koha item type Book
Holdings
Withdrawn status Lost status Source of classification or shelving scheme Damaged status Not for loan Home library Current library Shelving location Date acquired Total Checkouts Full call number Barcode Date last seen Copy number Price effective from Koha item type Date checked out
          Riara University Library Riara University Library General stack 22/08/2016   HF1416.L37 2008 8151/16 22/08/2016 C.1 22/08/2016 Book  
          Riara University Library Riara University Library   22/08/2016 4 HF1416.L37 2008 8097/16 15/12/2022 C.2 22/08/2016 Book 13/12/2022

Riara University Library,
P.O. Box 49940-00100,
Nairobi, Kenya.